Statystyki dla Geografia quiz #36 - Miasta z największą liczbą ludności w Chinach

Kliknij tutaj aby rozwiązać quiz!

Ogólne statystyki

  • Ten quiz został rozwiązany 22 razy
  • Średni wynik to 5 z 10

Statystyki odpowiedzi

MiejsceMiastoLudność% Poprawnych
2Pekin11 716 620
100%
1Szanghaj22 315 474
90%
4Kanton11 071 424
81%
6Wuhan9 785 388
67%
8Chongqing7 457 600
38%
3Tiencin11 090 314
38%
9Chengdu7 415 590
29%
5Shenzhen10 358 381
29%
7Dongguan8 000 000
5%
10Nakin7 165 292
0%

Rozkład punktacji

Percentyl według liczby udzielonych odpowiedzi

Procent ludzi z każdym wynikiem

Twoja historia wyników

Nie rozwiązałeś tego quizu